| 000 | 00570nam a22001575i 4500 | ||
|---|---|---|---|
| 001 | 54240 | ||
| 003 | ES-MaACL | ||
| 007 | t| | ||
| 008 | 960716s1892 sp ||||1| spa d | ||
| 040 |
_aCAM _bspa _cCAM |
||
| 100 | 1 |
_aFiter e Inglés, José. _951060 |
|
| 245 | 1 | 0 |
_aAntiguas instituciones bancarias de Cataluña / _cextracto del discurso pronunciado por ... José Fiter e Inglés... |
| 260 |
_aBarcelona : _b[s.n.], _c1892 ( _fimprenta de Henrich y Comp.ª en comandita (Sucesores de N. Ramirez y Comp.ª) |
||
| 300 |
_a11 p. ; _c29 cm. |
||
| 852 |
_aES-MaACL _jT-508-F-6 |
||
| 999 |
_c54240 _d54240 |
||